Die namhafteren Kurorte und heilquellen Ungarns und seiner Nebenländer

Bibliographic Details
Main Author: Chyzer, Kornel, 1836-1909 (Author)
Format: Book
Language:English
PhysicalDescription:213 s. 1 mapa
Published: Stuttgart Verlag von Ferdinand Enke 1887

MARC

LEADER 00000nam a2200000 a 4500
001 vtls010180937
003 SK-MaSNL
005 20260301131534.0
008 240313 000 0 eng
040 |a SNK  |b slo  |c SNK  |e AACR2 
100 1 |a Chyzer, Kornel,  |d 1836-1909  |4 aut  |9 155965 
245 1 4 |a Die namhafteren Kurorte und heilquellen Ungarns und seiner Nebenländer  |c Kornel Chyzer 
260 |a Stuttgart  |b Verlag von Ferdinand Enke  |c 1887 
300 |a 213 s.  |e 1 mapa 
999 |c 748328  |d 750258 
952 |a SNK  |b SNK  |y NEVYP  |7 0  |p 17A0671314  |o snkSC 4517 D1  |i snkK 1355/84  |8 3  |3 rekatalogizácia  |0 0  |1 0  |4 0  |d 2010-10-20  |l 0  |r 2026-02-23 23:22:51  |w 2026-02-23 
952 |a SNK  |b SNK  |y NEVYP  |7 0  |p 17A0671310  |o snkSC 4517/príl. D1  |i snkK 1355/84  |8 3  |0 0  |1 0  |4 0  |d 2010-10-20  |l 0  |r 2026-02-23 23:22:51  |w 2026-02-23 
952 |a SNK  |b SNK  |y PREZ  |7 0  |p 17A0764050  |o snkSC 4517  |0 0  |1 0  |4 0  |d 2011-12-07  |l 0  |r 2025-06-25 00:00:00  |w 2026-02-23